Cartilla de seguridad social y pensiones / (Registro nro. 5890)

Detalles MARC
000 -LEADER
fixed length control field 00955nam a2200253Ia 4500
003 - CONTROL NUMBER IDENTIFIER
control field OSt
005 - DATE AND TIME OF LATEST TRANSACTION
control field 20200812155542.0
008 - FIXED-LENGTH DATA ELEMENTS--GENERAL INFORMATION
fixed length control field 191128s2011 ck fr 000 0 spa d
022 ## - INTERNATIONAL STANDARD SERIAL NUMBER
International Standard Serial Number 0124-0323
040 ## - CATALOGING SOURCE
Original cataloging agency CO-JMCR
Transcribing agency CO-JMCR
041 0# - LANGUAGE CODE
Language code of text/sound track or separate title spa
082 04 - DEWEY DECIMAL CLASSIFICATION NUMBER
Classification number 344.02 /
Item number C677c
Edition number 23
100 1# - MAIN ENTRY--PERSONAL NAME
Personal name Cortés Riaño, Carlos Alberto,
9 (RLIN) 8671
Relator term autor
245 10 - TITLE STATEMENT
Title Cartilla de seguridad social y pensiones /
Statement of responsibility, etc. Carlos Alberto Cortés Riaño
250 ## - EDITION STATEMENT
Edition statement 6a. edición
260 ## - PUBLICATION, DISTRIBUTION, ETC.
Place of publication, distribution, etc. Bogotá :
Name of publisher, distributor, etc. Legis,
Date of publication, distribution, etc. 2011
300 ## - PHYSICAL DESCRIPTION
Extent 217 páginas ;
Dimensions 27 cm.
505 0# - FORMATTED CONTENTS NOTE
Formatted contents note Sistema de seguridad social integral -- Sistema general de pensiones -- Sistema de seguridad social en la salud -- Sistema general de riesgos profesionales -- Cuadros y datos de interés
650 14 - SUBJECT ADDED ENTRY--TOPICAL TERM
Topical term or geographic name entry element Pensiones
9 (RLIN) 8672
Geographic subdivision Colombia
650 14 - SUBJECT ADDED ENTRY--TOPICAL TERM
Topical term or geographic name entry element Seguridad social
Geographic subdivision Colombia
9 (RLIN) 7785
650 14 - SUBJECT ADDED ENTRY--TOPICAL TERM
Topical term or geographic name entry element Fondos de pensiones
Geographic subdivision Colombia
9 (RLIN) 8678
650 14 - SUBJECT ADDED ENTRY--TOPICAL TERM
Topical term or geographic name entry element Prestaciones sociales
Geographic subdivision Colombia
9 (RLIN) 8679
942 ## - ADDED ENTRY ELEMENTS (KOHA)
Source of classification or shelving scheme Dewey Decimal Classification
Koha item type Books
Existencias
Withdrawn status Lost status Source of classification or shelving scheme Materials specified (bound volume or other part) Damaged status Not for loan Home library Current library Date acquired Source of acquisition Full call number Barcode Date last seen Copy number Koha item type
    Dewey Decimal Classification Donación--15/04/2018--     Biblioteca Pública José María del Castillo y Rada Biblioteca Pública José María del Castillo y Rada 04/15/2018 Donación 344.02 / C677c 430007301 05/16/2024 Ej.1 Books